Welcome to the Holygrace Academy Library

Please use search bar below to get started

PEN RAMAYANAM (Record no. 8638)

MARC details
000 -LEADER
fixed length control field 00373nam a22001457a 4500
020 ## - INTERNATIONAL STANDARD BOOK NUMBER
ISBN 978-81-8267-730-2
082 ## - DEWEY DECIMAL CLASSIFICATION NUMBER
Classification number 894.812.3
Item number NEE/P
100 ## - MAIN ENTRY--AUTHOR NAME
Personal name NEELAKANDAN, ANAND
245 ## - TITLE STATEMENT
Title PEN RAMAYANAM
Remainder of title STORIES
246 ## - VARYING FORM OF TITLE
Title proper/short title PEN RAMAYANAM
Remainder of title PEN RAMAYANAM
260 ## - PUBLICATION, DISTRIBUTION, ETC. (IMPRINT)
Place of publication KOZHIKODU, KERALA , INDIA
Name of publisher MATHRUBHUMI
Year of publication 2019
300 ## - PHYSICAL DESCRIPTION
Number of Pages 101
650 ## - SUBJECT ADDED ENTRY--TOPICAL TERM
Topical Term MALAYALAM STORIES
942 ## - ADDED ENTRY ELEMENTS (KOHA)
Koha item type Books
Holdings
Withdrawn status Lost status Collection code Home library Current library Shelving location Date acquired Source of acquisition Cost, normal purchase price Full call number Accession Number Koha item type
    Fiction Main Library Main Library NEW SHELF WITH NEW ENTRY 07/03/2024 PURCHASED 110.00 894.812.3 NEE/P 13591 Books